000 00399nam a2200145Ia 4500
008 240729s9999 xx 000 0 und d
245 0 _aKerala Journal of Ophthalmology
260 _aIndia
260 _bWolters Kluwer Medknow Publications
650 _a Ophthalmology
650 _aMedicine
856 _uhttps://doaj.org/toc/2ee4c38abed9418899efb97f88555db4
942 _2ddc
942 _cDOAJEJ
999 _c70296
_d70296
945 _a1
_bMadushi Gamage
_c1
_dMadushi Gamage